Gloria (Français) - Glória inexcelsis Deo - Statistiques

Statistiques générales
  • Ce quiz a été pris 8 fois
  • Le résultat moyen est 86 sur 123
Statistiques - réponses
Hint Réponse % Correct
58 | 73 | 96 | 120 de
100%
4 Deo
100%
1 Gloria
100%
2 in
100%
6 | 89 à
83%
7 | 42 | 46 | +2 others Dieu
83%
59 DIeu
83%
87 | 101 | 105 | 109 es
83%
3 excelsis
83%
47 | 60 | 110 | +2 others le
83%
67 | 78 les
83%
23 | 26 | 31 | 34 te
83%
64 | 75 | 85 | 99 Toi
83%
103 | 107 toi
83%
21 aime
67%
125 Amen
67%
88 assis
67%
8 au
67%
18 aux
67%
27 bénissons
67%
98 Car
67%
12 cieux
67%
117 dans
67%
11 des
67%
91 droite
67%
44 | 62 | 69 | +2 others du
67%
13 et
67%
51 | 61 Fils
67%
5 Gloire
67%
40 | 119 gloire
67%
32 glorifions
67%
36 grâce
67%
10 haut
67%
39 immense
67%
16 | 90 | 118 la
67%
24 louons
67%
83 notre
67%
22 Nous
67%
25 | 28 | 30 | +3 others nous
67%
14 paix
67%
48 | 63 | 93 | 124 Père
67%
72 | 95 pitié
67%
9 plus
67%
37 pour
67%
71 | 94 prends
67%
84 prière
67%
65 | 76 | 86 qui
67%
20 qu’il
67%
35 rendons
67%
102 | 115 Saint
67%
41 | 50 | 54 | 106 Seigneur
67%
100 | 104 | 108 seul
67%
15 sur
67%
29 t’adorons
67%
17 Terre
67%
38 ton
67%
5657 Agneau
50%
113 avec
50%
45 Ciel
50%
66 | 77 enlèves
50%
116 Esprit
50%
53 | 112 Jésus-Christ
50%
70 | 81 monde
50%
68 | 79 péchés
50%
82 reçois
50%
43 Roi
50%
49 tout-puissant
50%
111 Très-Haut
50%
52 unique
50%
19 hhommes
0%
Aucun quiz correspondant
Distribution des résultats
% des personnes avec chaque résultat
Percentile par nombre de réponses
Votre historique - résultats
Vous n’avez pas pris ce quiz